Švýcarsko a Lichtenštejnsko průvodce do zahraničí

Bibliographic Details
Main Authors: Sopouch, Jaromír (Author), Sopouchová, Hana (Author)
Other Authors: Vlček, Miroslav (Photographer)
Format: Book
Language:Czech
PhysicalDescription:129 s. fotogr., mp. 21 cm
Published: Praha Olympia 1999
ISBN:8070335661
Edition:3. vyd.
Series:Globus
Subjects:

MARC

LEADER 00000nam a2200000 a 4500
001 vtls001380693
003 SK-MaSNL
005 20260301161354.0
008 240313s1999 xr ob g 00100 cze
020 |a 8070335661  |q (brož.) 
035 |a SNK000334690 
040 |a SNK  |b slo  |c SNK  |e AACR2 
041 0 |a cze 
044 |a xr  |c CZ 
072 7 |a 913(437)  |x Geografia Česka a Slovenska, reálie, cestovanie  |2 konspekt 
080 |a 908  |2 2001 
080 |a (494)  |2 2001 
080 |a (494.9)  |2 2001 
080 |a (036)  |2 2001 
100 1 |a Sopouch, Jaromír  |4 aut  |9 280846 
245 1 0 |a Švýcarsko a Lichtenštejnsko  |b průvodce do zahraničí  |c [Jaromír Sopouch, Hana Sopouchová ; fotografie Miroslav Vlček ... [et al.]] 
250 |a 3. vyd. 
260 |a Praha  |b Olympia  |c 1999 
300 |a 129 s.  |b fotogr., mp.  |c 21 cm 
490 1 |a Globus 
651 7 |a Švajčiarsko  |2 SNKPH  |9 20143 
651 7 |a Lichtenštajnsko  |2 SNKPH  |9 70299 
655 7 |a turistickí sprievodcovia (publikácie)  |2 SNKPH  |9 191298 
700 1 |a Sopouchová, Hana  |4 aut  |9 280847 
700 1 |a Vlček, Miroslav  |4 pht  |9 407688 
830 0 |a Globus  |9 305065 
919 |a 80-7033-566-1 
999 |c 809177  |d 811107 
952 |a SNK  |b SNK  |y VYP  |7 0  |p 17A0201250  |o snkIC 141530  |i snk2014/25417  |8 5  |0 0  |1 0  |4 0  |d 2000-01-13  |l 0  |r 2005-01-02 00:00:00  |w 2026-02-24